SKYTRAX 5 Star Airports - Statistics

General Stats
  • This quiz has been taken 20 times
  • The average score is 9 of 22
Answer Stats
Hint Answer % Correct
Middle East Doha Hamad International Airport DOH
94%
Asia Hong Kong International Airport HKG
82%
Asia Singapore Changi Airport SIN
82%
Asia Tokyo Narita Airport NRT
82%
China Shanghai Hongqiao International Airport SHA
76%
Asia Tokyo Haneda Airport HND
76%
Asia Seoul Incheon International Airport ICN
65%
Europe Istanbul Airport IST
59%
Europe Munich Airport MUC
47%
China Chengdu Tianfu International Airport TFU
41%
Europe Rome Fiumicino Airport FCO
41%
North America Terminal B LaGuardia Airport LGA
41%
China Shenzhen Bao'an International Airport SZX
35%
Asia Chubu Centrair International Airport NGO
24%
North America Houston William P. Hobby Airport HOU
24%
North America Terminal A Newark Liberty Airport EWR
24%
Middle East Bahrain International Airport BAH
18%
Russia, CIS & Central Asia Baku Heydar Aliyev International Airport GYD
12%
China Haikou Meilen International Airport HAK
12%
South America Quito International Airport UIO
6%
Middle East Salalah International Airport SLL
6%
Russia, CIS & Central Asia Platov International Airport ROV
0%
No matching quizzes found
Score Distribution
Percent of People with Each Score
Percentile by Number Answered
Your Score History
You have not taken this quiz